Online
Catalog

Matemáticas básicas para estadística elemental : (Record no. 22827)

MARC details
000 -CABECERA
campo de control de longitud fija 01177nam a2200289 a 4500
001 - NÚMERO DE CONTROL
campo de control 000023330
003 - IDENTIFICADOR DEL NÚMERO DE CONTROL
campo de control DO-SdBNP
005 - FECHA Y HORA DE LA ÚLTIMA TRANSACCIÓN
campo de control 20250626133719.0
008 - DATOS DE LONGITUD FIJA--INFORMACIÓN GENERAL
campo de control de longitud fija 101202s1972 mx 000 0 spa d
040 ## - FUENTE DE LA CATALOGACIÓN
Centro catalogador/agencia de origen DO-SdBNP
Lengua de catalogación spa
Centro/agencia transcriptor BNPHU
041 17 - CÓDIGO DE LENGUA
Código de lengua del texto/banda sonora o título independiente spa
Código de lengua original eng
Fuente del código Código de idiomas MARC
049 ## - FONDOS LOCALES (OCLC)
Fondos de biblioteca BNGR
082 ## - NÚMERO DE LA CLASIFICACIÓN DECIMAL DEWEY
Número de clasificación 519.5
Número de documento/Ítem B144m
100 1# - ENTRADA PRINCIPAL--NOMBRE DE PERSONA
Nombre de persona Baggaley, Andrew R.
9 (RLIN) 48055
240 10 - TÍTULO UNIFORME
Título uniforme Mathematics for introductory statistics.
Lenguaje de la obra Español
245 10 - MENCIÓN DE TÍTULO
Título Matemáticas básicas para estadística elemental :
Resto del título texto programado /
Mención de responsabilidad, etc. Andrew R. Baggaley ; traducción Pedro Sánchez de la Rosa.
260 ## - PUBLICACIÓN, DISTRIBUCIÓN, ETC.
Lugar de publicación, distribución, etc. México :
Nombre del editor, distribuidor, etc. Centro Regional de Ayuda Técnica. Agencia para el Desarrollo Internacional ;
-- Limusa-Wiley,
Fecha de publicación, distribución, etc. 1972.
300 ## - DESCRIPCIÓN FÍSICA
Extensión 171 p. ;
Dimensiones 18 cm.
490 1# - MENCIÓN DE SERIE
Mención de serie Limusa Wiley. Libros programados
534 ## - NOTA SOBRE LA VERSIÓN ORIGINAL
Encabezamiento principal del original [Título en inglés] :
Mención de título del original Mathematics for introductory statistics
650 #0 - PUNTO DE ACCESO ADICIONAL DE MATERIA--TÉRMINO DE MATERIA
Término de materia o nombre geográfico como elemento de entrada Estadística matemática
9 (RLIN) 20984
650 #0 - PUNTO DE ACCESO ADICIONAL DE MATERIA--TÉRMINO DE MATERIA
Término de materia o nombre geográfico como elemento de entrada Estadística matemática
Subdivisión general Problemas, ejercicios, etc.
9 (RLIN) 20984
650 #4 - PUNTO DE ACCESO ADICIONAL DE MATERIA--TÉRMINO DE MATERIA
Término de materia o nombre geográfico como elemento de entrada Estadística educativa
9 (RLIN) 36348
700 1# - PUNTO DE ACCESO ADICIONAL--NOMBRE DE PERSONA
Nombre de persona Sánchez de la Rosa, Pedro,
Término indicativo de función/relación tr.
9 (RLIN) 48056
830 #0 - PUNTO DE ACCESO ADICIONAL DE SERIE-TÍTULO UNIFORME
Título uniforme Limusa Wiley.
Nombre de parte o sección de la obra Libros programados
9 (RLIN) 48057
942 ## - ELEMENTOS DE PUNTO DE ACCESO ADICIONAL (KOHA)
Fuente del sistema de clasificación o colocación Dewey Decimal Classification
Tipo de ítem Koha Libro
Holdings
Estado de retiro Estado de pérdida Restricciones de uso No para préstamo Código de colección Localización permanente Ubicación/localización actual Ubicación en estantería Fecha de adquisición Número de inventario Total de préstamos Signatura topográfica completa Código de barras Fecha visto por última vez Precio válido a partir de Tipo de ítem Koha Número de copia
        Monografías: Libros y Folletos General General En catalogación 02.12.2010 LF1   519.5 B144m 23330-10 25.06.2020 25.06.2020 Préstamo en sala  
      Préstamo restrigido Monografías: Libros y Folletos General General En catalogación 02.12.2010 LF1   519.5 B144m 23330-20 25.06.2020 25.06.2020 Préstamo en sala e. 2

Powered by Koha